000
00335 a2200121 4500
001
ART_11181
005
20260410161655.0
008
260409a
245
1
0
_a
Co-liderazgo
100
1
_a
Bennis, Warren
700
1
_a
Heenan, David A.
773
0
_t
Harvard Deusto Business Review
_g
- NÂș 104 (sep./oct. 2001)
_w
REV521
999
_c
14611
_d
14611